[Event "Belgrade Trophy 36th"]
[Site "Belgrade"]
[Date "2023.12.02"]
[Round "8"]
[White "Maric, Dragan"]
[Black "Andrijevic, Dimitrije"]
[Result "1/2-1/2"]
[WhiteElo "1927"]
[BlackElo "1734"]
[PlyCount "27"]
[EventDate "2023.11.25"]
[EventType "swiss"]
[EventRounds "9"]
[EventCountry "SRB"]
[SourceTitle "CBM 217 Extra"]
[Source "ChessBase"]
[SourceDate "2024.01.31"]
[SourceVersion "1"]
[SourceVersionDate "2024.01.31"]
[SourceQuality "1"]

1. e4 e5 2. Nf3 Nc6 3. Bb5 a6 4. Ba4 Bc5 5. 0-0 Nge7 6. Nxe5 Nxe5 7. d4 Ba7 8. dxe5 Ng6 9. Qh5 Qe7 10. Nc3 c6 11. Be3 Bxe3 12. fxe3 Qxe5 13. Qxe5+ Nxe5 14. Bb3 1/2-1/2